Anatomy for artists / (Record no. 158848)

MARC details
000 -LEADER
campo de control de longitud fija 00752nam a2200217 i 4500
001 - NÚMERO DE CONTROL
campo de control 158848
003 - IDENTIFICADOR DE NÚMERO DE CONTROL
campo de control ES-MaACL
005 - FECHA Y HORA DE LA ÚLTIMA TRANSACCIÓN
campo de control 20230906211338.0
008 - DATOS DE LONGITUD FIJA--INFORMACIÓN GENERAL
campo de control de longitud fija 040908s1883 xxkaf |||| | eng d
040 ## - FUENTE DE CATALOGACIÓN
Centro catalogador/agencia de origen CAM
Lengua de catalogación spa
Centro/agencia transcriptor CAM
100 1# - ENTRADA PRINCIPAL--NOMBRE DE PERSONA
Nombre de persona Marshall, John (
Fechas asociadas al nombre 1818-1891)
9 (RLIN) 153385
245 10 - MENCIÓN DEL TÍTULO
Título Anatomy for artists /
Mención de responsabilidad, etc. by John Marshall ; illustrated by two hundred original drawings by J.S. Cuthbert ; engraved by J. and G. Nicholls.
250 ## - MENCION DE EDICION
Mención de edición 2nd ed.
260 ## - PUBLICACIÓN, DISTRIBUCIÓN, ETC.
Lugar de publicación, distribución, etc. London :
Nombre del editor, distribuidor, etc. Smith, Elder & Co.,
Fecha de publicación, distribución, etc. 1883.
300 ## - DESCRIPCIÓN FÍSICA
Extensión XIV, 436 p. :
Otras características físicas il. ;
Dimensiones 29 cm.
650 #4 - PUNTO DE ACCESO ADICIONAL DE MATERIA--TÉRMINO DE MATERIA
Término de materia o nombre geográfico como elemento de entrada Anatomía artística.
9 (RLIN) 145729
700 1# - ENTRADA AGREGADA--NOMBRE PERSONAL
Nombre de persona Cuthbert, J.S.
9 (RLIN) 126679
700 1# - ENTRADA AGREGADA--NOMBRE PERSONAL
Nombre de persona Nicholls, J.
9 (RLIN) 130462
700 1# - ENTRADA AGREGADA--NOMBRE PERSONAL
Nombre de persona Nicholls, G.
9 (RLIN) 130461
852 ## - LOCALIZACIÓN
Ubicación ES-MaACL
Número de control de estantería G-8279
Nota libre -- Enc. tela
Holdings
Estatus retirado Estado de pérdida Estado de daño No para préstamo Colección Biblioteca de origen Biblioteca actual Ubicación en estantería Fecha de adquisición Fuente de adquisición Total de préstamos Signatura topográfica completa Código de barras Visto por última vez Precio de reemplazo Tipo de ítem Koha
        Libros del s. XIX Biblioteca del Ateneo de Madrid Biblioteca del Ateneo de Madrid Sala Pecera Planta 3 17/01/2008     G-8279 1166262 23/02/2023 23/02/2023 Libro impreso antiguo